Pengurusan Islam : (Record no. 2990)

000 -LEADER
fixed length control field nam a22 a 4500
003 - CONTROL NUMBER IDENTIFIER
control field AKMAL
005 - DATE AND TIME OF LATEST TRANSACTION
control field 20170519084258.0
008 - FIXED-LENGTH DATA ELEMENTS--GENERAL INFORMATION
fixed length control field 170519s2008 my | e | o001 0 may d
020 ## - INTERNATIONAL STANDARD BOOK NUMBER
International Standard Book Number 9789673051014 (kkt.) :
Terms of availability RM15.00
040 ## - CATALOGING SOURCE
Original cataloging agency AKMAL
082 04 - DEWEY DECIMAL CLASSIFICATION NUMBER
Classification number 658.088297 RAS
Edition number 22
090 00 - LOCALLY ASSIGNED LC-TYPE CALL NUMBER (OCLC); LOCAL CALL NUMBER (RLIN)
Classification number (OCLC) (R) ; Classification number, CALL (RLIN) (NR) 658.088297
Local cutter number (OCLC) ; Book number/undivided call number, CALL (RLIN) RAS
100 0# - MAIN ENTRY--PERSONAL NAME
Personal name Rasid Muhamad,
Dates associated with a name 1959-
9 (RLIN) 6252
245 10 - TITLE STATEMENT
Title Pengurusan Islam :
Remainder of title teori dan praktis /
Statement of responsibility, etc. Rasid Mohamad, Mohd Yadman Sarwan, S. Salahuddin Suyurno
260 ## - PUBLICATION, DISTRIBUTION, ETC.
Place of publication, distribution, etc. Shah Alam :
Name of publisher, distributor, etc. Pusat Penerbitan Universiti Teknologi MARA,
Date of publication, distribution, etc. 2008
300 ## - PHYSICAL DESCRIPTION
Extent viii, 164ms. ;
Dimensions 23cm.
500 ## - GENERAL NOTE
General note Mengandungi indeks
500 ## - GENERAL NOTE
General note Mengandungi ayat-ayat dari Quran
504 ## - BIBLIOGRAPHY, ETC. NOTE
Bibliography, etc. note Bibliografi : ms. 157-162
650 10 - SUBJECT ADDED ENTRY--TOPICAL TERM
Topical term or geographic name entry element Management
General subdivision Religious aspects
-- Islam
9 (RLIN) 1905
700 0# - ADDED ENTRY--PERSONAL NAME
Personal name S. Salahudin Suyurno
9 (RLIN) 6253
700 0# - ADDED ENTRY--PERSONAL NAME
Personal name Mohd Yadman Sarwan
9 (RLIN) 6254
942 ## - ADDED ENTRY ELEMENTS (KOHA)
Source of classification or shelving scheme
Koha item type Book
Holdings
Withdrawn status Lost status Source of classification or shelving scheme Damaged status Not for loan Collection code Home library Current library Shelving location Date acquired Inventory number Total Checkouts Full call number Barcode Date last seen Price effective from Koha item type
          NON-FICTION AKMAL Melaka AKMAL Melaka PINJAMAN 19.05.2017 602577   658.088297 RAS 201704109 19.05.2017 19.05.2017 Book
          NON-FICTION AKMAL Melaka AKMAL Melaka PINJAMAN 19.05.2017 602576   658.088297 RAS 201703993 19.05.2017 19.05.2017 Book
Pusat Sumber Maklumat Dato' Haji Sarmin Md Hussin, Akademi Kastam Diraja Malaysia, Melaka
Tel: 06-2331106 | Faks: 06-2313787